000 00947nam a2200253 a 4500
008 060316s1993 ||||||||||||||||| || u
020 _a0313273545
050 _aHQ 1236 Wom
100 _aTurshen, Meredeth, 1938-
245 1 0 _aWomen's lives and public policy : the international experience /
_cedited by M. Turshen
260 _aWestport, CT :
_bGreenwood Press
_c1993
300 _axix, 217 p.
350 _a0.00
490 _aContributions in women's studies, 0147-104X
490 _vno. 132
500 _aIncludes bibliographical references (p. [183]-207) 
650 0 _aWOMEN--SOCIAL CONDITIONS
650 0 _aWOMEN-- ECONOMIC CONDITIONS
650 0 _aWOMEN IN DEVELOPMENT
650 _aSEX ROLE
650 _aWOMEN--GOVERNMENT POLICY
700 _aHolcomb, Briavel
995 _D0.00
_FCBU-MAIN LIBRARY (Kitwe)
_H1
_I19.50
_M1
_UAVAILABLE
_ZAnnex Low-Usage Collection
999 _c61866
_d61866